000 02013nam a22002297a 4500
003 OSt
005 20260515102158.0
008 260515b |||||||| |||| 00| 0 eng d
020 _a9781138655881
040 _aKenya National Library Service
082 _a155.4 HOW
100 _aHoward, Justine
_eAuthor
245 _aMary D. Sheridan's play in early childhood :
_bfrom birth to six years /
_cJustine Howard.
250 _aFourth edition.
300 _avii, 143 pages :
_billustrations ;
_c25 cm.
504 _aIncludes bibliographical references and index.
520 _aMary D. Sheridan's Play in Early Childhood is a classic introductory text to play and development - key topics for all those who work with young children. Drawing on the most up-to-date evidence, it explains how children's play develops and how they develop as they play. With over 100 illustrations and observations of play from birth to six years, this new edition presents classical and contemporary literature, making clear links between play and all areas of children's development. It includes updated activities to consolidate thinking and suggestions for further reading throughout. This text considers: the development, value and characteristics of play issues relating to culture, adversity, gender, attachment and brain development play from recreational, therapeutic and educational perspectives the role of parents/caregivers and professionals in supporting play how to develop observation and reflection skills for use in your own practice Suitable both for those new to the area and for more experienced workers wanting a quick reference guide, this easy-to-follow book meets the needs of students and professionals from a wide range of health, education and social care backgrounds, including early years professionals, playworkers, children's nurses, play therapists and social workers.
650 _aChild development.
942 _2ddc
_cBK
_n0
999 _c492753
_d492753